Algorithms for fuzzy clustering:methods in c-means clustering with applications (Record no. 21650)

MARC details
000 -LEADER
fixed length control field 01203nam a2200349Ia 4500
003 - CONTROL NUMBER IDENTIFIER
control field OSt
005 - DATE AND TIME OF LATEST TRANSACTION
control field 20220912145037.0
008 - FIXED-LENGTH DATA ELEMENTS--GENERAL INFORMATION
fixed length control field 220909b |||||||| |||| 00| 0 eng d
020 ## - INTERNATIONAL STANDARD BOOK NUMBER
International Standard Book Number 9783540787365 (hbd)
037 ## - SOURCE OF ACQUISITION
Terms of availability Textbook
040 ## - CATALOGING SOURCE
Original cataloging agency CSL
Language of cataloging eng
Transcribing agency CSL
041 ## - LANGUAGE CODE
Language code of text/sound track or separate title eng
100 ## - MAIN ENTRY--PERSONAL NAME
Personal name Miyamoto Sadaaki
245 #0 - TITLE STATEMENT
Title Algorithms for fuzzy clustering:methods in c-means clustering with applications
260 ## - PUBLICATION, DISTRIBUTION, ETC.
Place of publication, distribution, etc. Berlin
Name of publisher, distributor, etc. Springer
Date of publication, distribution, etc. 2008
300 ## - PHYSICAL DESCRIPTION
Extent xi, 247p.
Dimensions cm.
490 ## - SERIES STATEMENT
Series statement Studies in fuzziness and soft computing, 229
500 ## - GENERAL NOTE
General note ''References 235-243p''.; ''Index 245-247p''.
650 ## - SUBJECT ADDED ENTRY--TOPICAL TERM
Topical term or geographic name entry element c-means clustering
650 ## - SUBJECT ADDED ENTRY--TOPICAL TERM
Topical term or geographic name entry element Variables for controlling clusterings
650 ## - SUBJECT ADDED ENTRY--TOPICAL TERM
Topical term or geographic name entry element Variations and generalizations
650 ## - SUBJECT ADDED ENTRY--TOPICAL TERM
Topical term or geographic name entry element Computer science
700 ## - ADDED ENTRY--PERSONAL NAME
Personal name Honda Katsuhiro
700 ## - ADDED ENTRY--PERSONAL NAME
Personal name Ichihashi Hidetomo
942 ## - ADDED ENTRY ELEMENTS (KOHA)
Classification part D65,8(B):(S:72), P8 TD
Koha item type Textbook
Source of classification or shelving scheme Colon Classification (CC)
Holdings
Withdrawn status Lost status Damaged status Not for loan Home library Current library Date acquired Source of acquisition Total Checkouts Full call number Barcode Date last seen Price effective from Koha item type
        Central Science Library Central Science Library 2022-09-12 373, 02/01/2009, Ashutosh Technical Books   D65,8(B):(S:72) P8 TD SL1382925 2022-09-12 2022-09-12 Textbook
Copyright @ Delhi University Library System